| 000 | | | 04424nmc2a2200000 x 450 |
| 001 | | | 2c43cdfd-5a8e-42be-ace5-7882b13abf82 |
| 005 | | | 20170417201039.0 |
| 100 | ## | $a | 20140625l18201835k l0rusy0189 ca |
| 101 | 0# | $a | rus |
| 102 | ## | $a | RU |
| 200 | 1# | $a | Дело об увольнении профессора Виленского университета Д. Саундерса |
| | $j | 15 октября 1820 г. - 3 октября 1835 г. |
| 251 | ## | $c | Дело |
| 300 | ## | $a | Дело |
| 300 | ## | $a | Ориг. заголовок дела: Дело по письму поверенного в делах во Флоренции господина Сверчкова с препровождением такового же от профессора Виленского университета Саундерса, об увольнении его вовсе от службы с определением ему полного пенсиона 1500 рублей серебром. 15 октября 1820 г. - 9 мая 1821 г |
| 801 | #0 | $a | RU |
| | $b | РГИА |
| | $c | 20140625 |
| | $g | RCR |
| 801 | #1 | $a | RU |
| | $b | ГлавНИВЦ |
| | $c | 20140625 |
| | $2 | rusmarc |
| 801 | #2 | $a | RU |
| | $b | ПБ им. Б.Н. Ельцина |
| | $c | 20170417 |
| | $g | RCR |
| | $2 | rusmarc |
| 850 | ## | $a | РГИА |
| 852 | ## | $a | РГИА |
| | $e | Федеральное казенное учреждение "Российский государственный исторический архив" (РГИА) |
| | $j | 511 |
| 937 | ## | $h | РГИА |
| | $d | 11168613 |
| | $a | ASBIBLIO_SCAN |
| 462 | #0 | $1 | 0015669bbef-3371-47f1-bb13-3488c19b51be |
| | $1 | 2001 |
| | $a | Дела Департамента народного просвещения по Виленскому учебному округу |
| | $1 | 251 |
| | $c | Опись |
| | $1 | 852 |
| | $j | 62 |
| 461 | #0 | $1 | 001a74412a3-3cc5-4d21-8f0a-dfe2fbd9e72d |
| | $1 | 2001 |
| | $a | Департамент народного просвещения Министерства народного просвещения (1803-1917) |
| | $1 | 251 |
| | $c | Фонд |
| | $1 | 852 |
| | $j | 733 |
| 215 | ## | $a | 42 л. |
| | $d | 36,5х26 см |
| 371 | ## | $a | Документ не является опубликованным и широко распространяемым |
| 105 | ## | $a | y### |
| 122 | 2# | $a | d |
| 517 | 1# | $a | Дело по письму поверенного в делах во Флоренции господина Сверчкова с препровождением такового же от профессора Виленского университета Саундерса, об увольнении его вовсе от службы с определением ему полного пенсиона 1500 рублей серебром. 15 октября 1820 г. - 9 мая 1821 г |
| 035 | ## | $a | 2c43cdfd-5a8e-42be-ace5-7882b13abf82 |
| 856 | ## | $u | http://readingroom.main.prlib.ru/item.aspx?id_node=n97094839&mode=full |